[Event "Let's Play Chess!"]
[Site "http://www.queenalice.com/game.php?id=670329"]
[Date "2009.10.21"]
[Round "-"]
[White "ljh1"]
[Black "horsemen"]
[Result "1-0"]
[WhiteElo "1313"]
[BlackElo "1352"]

1. e4 Nf6 2. d3 d5 3. Nc3 c6 4. Bf4 dxe4 5. dxe4 Nbd7 6. e5 Nd5 7. Nxd5 cxd5 8.
Qxd5 e6 9. Qb5 a6 10. Qa4 b5 11. Qe4 Nb6 12. Qc6+ Bd7 13. Qe4 f5 14. Qf3 Bb4+
15. c3 Be7 16. b4 Nd5 17. g3 g5 18. Qh5+ Kf8 19. Be3 Nxc3 20. a3 Bc6 21. Nf3 Qe8
22. Qh6+ Kg8 23. Bg2 Rd8 24. Qxe6+ Kg7 25. h4 Qd7 26. Qxd7 Rxd7 27. hxg5 h5 28.
Bd2 Ne4 29. e6 Rd3 30. Ne5 Rxd2 31. Nxc6 Bxg5 32. f4 Bf6 33. Bxe4 Rd6 34. Bf3
Rxe6+ 35. Ne5 h4 36. Kf2 Rd6 37. Rhg1 Rh6 38. gxh4+ Kh7 39. h5 Rxh5 40. Bxh5 Rd4
41. Kf3 Kh6 42. Bg6 Bxe5 43. fxe5 Rd3+ 44. Kf4 Rd5 45. Bxf5 Rd4+ 46. Be4 Rd7 47.
e6 Re7 48. Ke5 a5 49. bxa5 Rc7 50. Rg3 Rb7 51. Rh1# 1-0

[Event "Let's Play Chess!"]
[Site "http://www.queenalice.com/game.php?id=671723"]
[Date "2009.10.24"]
[Round "-"]
[White "guilleasua"]
[Black "ljh1"]
[Result "1-0"]
[WhiteElo "1282"]
[BlackElo "1340"]

1. e4 Nf6 2. Nc3 e5 3. Nf3 Bb4 4. Nxe5 O-O 5. a3 d6 6. Nd3 Bxc3 7. dxc3 Nxe4 8.
f3 Re8 9. fxe4 Rxe4+ 10. Be2 Nc6 11. Nf2 Re8 12. Qd3 Ne5 13. Qg3 h6 14. c4 Nxc4
15. b3 Qf6 16. bxc4 Qxa1 17. Nd3 Qc3+ 18. Kd1 g5 19. Bd2 Qf6 20. Rf1 Qe7 21. Rf2
Kh7 22. Nb4 c6 23. Qf3 f5 24. Bd3 Rf8 25. Re2 Qf6 26. c3 Be6 27. Re3 Rae8 28. h3
Kg7 29. a4 a5 30. Nc2 f4 31. Re2 d5 32. Ne3 dxc4 33. Nxc4 Bd5 34. Qf2 b5 35. Nb6
Bb3+ 36. Bc2 Qf5 37. Qd4+ Kg8 38. Bxb3+ Kh7 39. Bc2 Qxc2+ 40. Kxc2 Rxe2 41. Qd3+
Kg8 42. Qxe2 b4 43. Qc4+ Kg7 44. cxb4 axb4 45. Qxb4 Rb8 46. Bc3+ Kf7 47. Qc5 Re8
48. Qxc6 Re2+ 49. Bd2 Rxg2 50. Qxg2 1-0

[Event "Challenge1"]
[Site "http://www.queenalice.com/game.php?id=676135"]
[Date "2009.11.1"]
[Round "-"]
[White "qwertyuiop"]
[Black "ljh1"]
[Result "1-0"]
[WhiteElo "1591"]
[BlackElo "1453"]

1. d4 d5 2. c4 e6 3. Nc3 Nc6 4. e3 Nf6 5. Bd3 Bb4 6. Ne2 Bxc3+ 7. Nxc3 O-O 8. e4
dxc4 9. Bxc4 Nxd4 10. O-O c5 11. e5 Nd5 12. Bxd5 exd5 13. Be3 b6 14. Bxd4 cxd4
15. Qxd4 Bb7 16. Rfd1 Re8 17. Nxd5 Bxd5 18. Qxd5 Qc7 19. Re1 Rad8 20. Qe4 Re6
21. Re3 Rde8 22. Rae1 f6 23. Qd5 Qc5 24. Qxc5 bxc5 25. exf6 Rxe3 26. Rxe3 Rd8
27. Kf1 gxf6 28. Ke2 a5 29. g4 Rb8 30. b3 Kg7 31. Kd3 Rb4 32. Re4 Rb5 33. Kc4
Rb4+ 34. Kd5 Kg6 35. Rxb4 cxb4 36. Kc5 h5 37. gxh5+ Kxh5 38. Kb5 f5 39. Kxa5 Kg4
40. Kxb4 Kf3 41. h4 Kg4 42. a4 1-0

[Event "Challenge2"]
[Site "http://www.queenalice.com/game.php?id=676136"]
[Date "2009.11.1"]
[Round "-"]
[White "ljh1"]
[Black "qwertyuiop"]
[Result "0-1"]
[WhiteElo "1464"]
[BlackElo "1580"]

1. e4 c5 2. c3 d5 3. exd5 Qxd5 4. Be2 Qxg2 5. Bf3 Qg6 6. Ne2 Qe6 7. O-O g6 8.
Nf4 Qd6 9. d4 e6 10. Be3 Bg7 11. dxc5 Qxd1 12. Rxd1 Ne7 13. Na3 O-O 14. Nc4 Nbc6
15. Bd4 e5 16. Be3 exf4 17. Bxf4 Nf5 18. Bd5 Be6 19. Bxe6 fxe6 20. Re1 Nh4 21.
Rxe6 Rxf4 22. Nd6 Nf3+ 23. Kg2 Rb8 24. Kg3 Bh6 25. Ne4 Rbf8 26. h4 Nxh4 27. Rh1
Nf5+ 28. Kg2 Nd8 29. Rf6 Rxe4 30. Rxf8+ Bxf8 31. Kf3 Rc4 32. Rd1 Ne6 33. b4
Rxc3+ 34. Ke4 Ra3 35. Ke5 Ned4 0-1

[Event "Challenge"]
[Site "http://www.queenalice.com/game.php?id=688579"]
[Date "2009.11.25"]
[Round "-"]
[White "ljh1"]
[Black "McKubik"]
[Result "1-0"]
[WhiteElo "1290"]
[BlackElo "1187"]

1. d4 Nc6 2. e4 Nf6 3. Nc3 e6 4. e5 Ng8 5. Be3 Nf6 6. exf6 Qxf6 7. Nf3 Bb4 8.
Be2 O-O 9. O-O Bd6 10. Ne4 Qg6 11. Nxd6 cxd6 12. d5 Nb4 13. dxe6 Qxe6 14. a3 Nd5
15. Qd3 Nf6 16. Rad1 Ng4 17. Ng5 Qe5 18. Qxh7# 1-0

[Event "Let's Play Chess!"]
[Site "http://www.queenalice.com/game.php?id=718135"]
[Date "2010.1.22"]
[Round "-"]
[White "ljh1"]
[Black "digger"]
[Result "1-0"]
[WhiteElo "1354"]
[BlackElo "1601"]

1. e4 e5 2. Nf3 Nc6 3. b3 d5 4. Nc3 d4 5. Nd5 Bg4 6. Be2 f5 7. d3 fxe4 8. dxe4
Bb4+ 9. Bd2 Bc5 10. b4 Bxf3 11. Bxf3 Bd6 12. Bh5+ g6 13. b5 Nb8 14. O-O Be7 15.
Nxe7 Qxe7 16. Re1 gxh5 17. Qxh5+ Kd8 18. Qg5 Qxg5 19. Bxg5+ Ne7 20. Bf6 Rf8 21.
Bxe5 Nd7 22. Bxd4 Ng6 23. Rad1 b6 24. c4 Nh4 25. e5 Re8 26. e6 Nb8 27. Bf6+ Kc8
28. Bxh4 c6 29. e7 cxb5 30. Rd8+ Rxd8 31. exd8=Q+ Kb7 32. Qd5+ Ka6 33. cxb5+ Ka5
34. Re3 Kb4 35. Be7+ Ka5 36. Ra3# 1-0

[Event "Let's Play Chess!"]
[Site "http://www.queenalice.com/game.php?id=748368"]
[Date "2010.3.19"]
[Round "-"]
[White "ljh1"]
[Black "ValerioR"]
[Result "1-0"]
[WhiteElo "1395"]
[BlackElo "1186"]

1. d4 c5 2. d5 f5 3. c4 b5 4. b3 d6 5. Nc3 bxc4 6. bxc4 Nf6 7. Nf3 Nbd7 8. e3
Qa5 9. Bd2 Ne4 10. Nxe4 Qa6 11. Neg5 Ne5 12. Nxe5 dxe5 13. e4 g6 14. exf5 gxf5
15. Qh5+ Qg6 16. Be2 f4 17. Ne4 Bf5 18. Nxc5 e6 19. Nxe6 Ke7 20. Qh4+ Kf7 21.
Bh5 Qxh5 22. Qxh5+ Bg6 23. Qxe5 Kg8 24. O-O f3 25. Bc3 1-0

[Event "Let's Play Chess!"]
[Site "http://www.queenalice.com/game.php?id=748369"]
[Date "2010.3.19"]
[Round "-"]
[White "ValerioR"]
[Black "ljh1"]
[Result "0-1"]
[WhiteElo "1186"]
[BlackElo "1386"]

1. d4 d5 2. c4 e6 3. cxd5 exd5 4. e3 Nf6 5. Nf3 Bb4+ 6. Bd2 Bxd2+ 7. Nbxd2 c6 8.
Bd3 O-O 9. Ng5 Bg4 10. Be2 Bf5 11. Rc1 Ne4 12. f3 Qxg5 13. g4 Qh4+ 14. Kf1 Qh3+
15. Ke1 Ng3 16. Rg1 Qxh2 17. Rf1 Bg6 18. e4 Nxf1 19. Nxf1 Qh4+ 20. Kd2 dxe4 21.
fxe4 Bxe4 22. Bd3 Bd5 23. Qe2 Nd7 24. Bc4 Rae8 0-1

[Event "Let's Play Chess!"]
[Site "http://www.queenalice.com/game.php?id=760672"]
[Date "2010.4.14"]
[Round "-"]
[White "n90203"]
[Black "ljh1"]
[Result "0-1"]
[WhiteElo "1524"]
[BlackElo "1445"]

1. d4 f5 2. d5 Nf6 3. Nc3 d6 4. e3 c6 5. dxc6 Nxc6 6. Qf3 e5 7. Nh3 e4 8. Qd1 a6
9. Bc4 Ne5 10. Be2 g6 11. Nf4 d5 12. Nfxd5 Nxd5 13. Nxd5 Be6 14. Nf4 Qxd1+ 15.
Bxd1 Bc4 16. Be2 Bb4+ 17. c3 Bc5 18. b4 Bb6 19. a4 a5 20. b5 O-O-O 21. Ne6 Bxe6
22. f4 Nc4 23. Kf2 Bc5 24. h3 Nd2 25. g4 Nb3 26. Rb1 Nxc1 27. Rhxc1 Rd2 28. c4
fxg4 29. hxg4 Bxg4 30. Re1 Bb4 31. Kf1 h5 32. c5 Ra2 33. Bc4 Bh3+ 34. Kg1 Rg2+
35. Kh1 Bxe1 36. Bf1 Rg3 37. Rxe1 Bg4 38. c6 bxc6 39. bxc6 Kc7 40. Rc1 Rxe3 41.
Bb5 h4 42. Rg1 Bh5 43. Kh2 Rf8 44. Rf1 Rf3 45. Kg2 h3+ 0-1

[Event "Let's Play Chess!"]
[Site "http://www.queenalice.com/game.php?id=760673"]
[Date "2010.4.13"]
[Round "-"]
[White "ljh1"]
[Black "lfirpo"]
[Result "1-0"]
[WhiteElo "1424"]
[BlackElo "1509"]

1. d4 d5 2. c4 dxc4 3. Nf3 Nc6 4. e3 Bf5 5. Nc3 Nb4 6. Qa4+ Nc6 7. Bxc4 e6 8.
O-O a6 9. e4 Bg4 10. Ne5 Bh5 11. Nxc6 Qd7 12. Ne5 Qxa4 13. Nxa4 b5 14. Bb3 Nf6
15. Nc5 Bd6 16. f3 O-O 17. Ncd7 Nxd7 18. Nxd7 Rfd8 19. d5 e5 20. g4 Bg6 21. Nxe5
Bxe5 22. Be3 a5 23. Rac1 a4 24. Bd1 Bxb2 25. Rxc7 b4 26. Rf2 Be5 27. Ra7 Rxa7
28. Bxa7 Rc8 29. Bxa4 Rc1+ 30. Kg2 Rc7 31. Bb8 Re7 32. d6 Rb7 33. Bc7 Ra7 34.
Bb3 Ra8 35. Rc2 h6 36. d7 Bxc7 37. Rxc7 Kh7 38. Rc8 Rxc8 39. dxc8=Q h5 40. h3
hxg4 41. hxg4 f6 42. Qg8+ Kh6 43. Kg3 Bh7 44. Qh8 f5 45. gxf5 g6 46. f6 1-0

[Event "Challenge"]
[Site "http://www.queenalice.com/game.php?id=760864"]
[Date "2010.4.14"]
[Round "-"]
[White "ljh1"]
[Black "n90203"]
[Result "1-0"]
[WhiteElo "1404"]
[BlackElo "1477"]

1. e4 d5 2. exd5 Qxd5 3. Nc3 Qe6+ 4. Be2 b6 5. d3 Bb7 6. Nb5 Qc6 7. Bf3 Qe6+ 8.
Be3 Bxf3 9. Nxc7+ Kd7 10. Qxf3 Kxc7 11. Qxa8 a5 12. Ne2 g6 13. Bf4+ Kd7 14. Qb7+
Kd8 15. Qxb8+ Qc8 16. Qxb6+ Ke8 17. Nd4 Bg7 18. c3 e5 19. Bxe5 Bxe5 20. Qb5+ Kf8
21. Qxe5 Qe8 22. Qe2 Nf6 23. O-O Kg7 24. Qf3 h5 25. Rae1 Qa4 26. a3 Ng4 27. h3
Nf6 28. Re7 Rf8 29. Ne6+ Kg8 30. Nxf8 Ne8 31. Qxf7+ Kh8 32. Qh7# 1-0

[Event "Let's Play Chess!"]
[Site "http://www.queenalice.com/game.php?id=793588"]
[Date "2010.6.22"]
[Round "-"]
[White "ljh1"]
[Black "arkadiusz42"]
[Result "1-0"]
[WhiteElo "1464"]
[BlackElo "1581"]

1. d4 d5 2. e3 Nf6 3. Bd3 Bg4 4. Ne2 h5 5. c4 c6 6. Bd2 g6 7. h3 Bf5 8. Bxf5
gxf5 9. c5 Bh6 10. Ng3 Qd7 11. O-O Rg8 12. Nc3 h4 13. Nh5 Rg5 14. Nxf6+ exf6 15.
e4 fxe4 16. Bxg5 Bxg5 17. Qh5 Kd8 18. f4 Na6 19. fxg5 f5 20. g6 f6 21. Qh8+ Qe8
22. Qxf6+ Kc8 23. Rxf5 Kc7 24. Qd6+ Kc8 25. Rf8 Qxf8 26. Qxf8+ Kc7 27. Qxa8 Nb4
28. g7 e3 29. g8=Q Kd7 30. Qge8+ 1-0

[Event "Challenge"]
[Site "http://www.queenalice.com/game.php?id=813432"]
[Date "2010.8.4"]
[Round "-"]
[White "arkadiusz42"]
[Black "ljh1"]
[Result "0-1"]
[WhiteElo "1568"]
[BlackElo "1526"]

1. Nf3 Nf6 2. d3 d5 3. Nc3 c5 4. b3 d4 5. Na4 Nbd7 6. g3 b5 7. Nb2 e5 8. e4 Be7
9. Bh3 O-O 10. g4 h6 11. g5 hxg5 12. Nxg5 Nb6 13. Qf3 Ng4 14. Bxg4 Bxg5 15. a4
b4 16. h4 Bxh4 17. Qh3 f5 18. a5 fxg4 19. Qg2 Rxf2 20. Qg1 g3 21. Nd1 Bg4 22.
Nxf2 gxf2+ 23. Qxf2 Bxf2+ 24. Kxf2 Qf6+ 25. Ke1 Nd7 26. Bd2 Qf3 27. Rh2 Qg3+ 28.
Rf2 Rf8 29. Bf4 Rxf4 0-1

[Event "Challenge"]
[Site "http://www.queenalice.com/game.php?id=825674"]
[Date "2010.8.30"]
[Round "-"]
[White "shubhankar"]
[Black "ljh1"]
[Result "0-1"]
[WhiteElo "1460"]
[BlackElo "1492"]

1. e4 e5 2. Qf3 Nf6 3. Nc3 Nc6 4. d3 Nd4 5. Qe2 Nxe2 6. Bxe2 d5 7. exd5 Nxd5 8.
Nxd5 Qxd5 9. Bf3 Qc5 10. c3 c6 11. Ne2 Bf5 12. Be4 g6 13. Bxf5 gxf5 14. O-O
O-O-O 15. Be3 Qb5 16. Bxa7 Qxd3 17. Rfe1 Bh6 18. Rad1 Qa6 19. Be3 Rxd1 20. Rxd1
Qxe2 21. Rd2 Qe1# 0-1

[Event "Let's Play Chess!"]
[Site "http://www.queenalice.com/game.php?id=831743"]
[Date "2010.9.12"]
[Round "-"]
[White "ljh1"]
[Black "william_1987br"]
[Result "1-0"]
[WhiteElo "1507"]
[BlackElo "1583"]

1. d4 d5 2. c4 Nf6 3. cxd5 Qxd5 4. Nc3 Qa5 5. Bd2 Bf5 6. e4 Bg4 7. Qb3 Nc6 8.
Nd5 Nxd4 9. Qxb7 Rc8 10. Bxa5 Nc2+ 11. Kd2 Nxa1 12. Nxc7+ Kd8 13. Ne6+ Ke8 14.
Qxc8# 1-0

[Event "Let's Play Chess!"]
[Site "http://www.queenalice.com/game.php?id=831761"]
[Date "2010.9.12"]
[Round "-"]
[White "ljh1"]
[Black "shoe"]
[Result "1-0"]
[WhiteElo "1485"]
[BlackElo "1251"]

1. d4 d5 2. Bf4 c5 3. Nf3 Nd7 4. e3 g6 5. Nc3 e6 6. Bb5 a6 7. Bxd7+ Bxd7 8. Be5
f6 9. Bf4 c4 10. O-O g5 11. Bg3 Ne7 12. e4 Qa5 13. h4 g4 14. Nh2 e5 15. Nxg4
Bxg4 16. Qxg4 exd4 17. Qh5+ Ng6 18. Nxd5 O-O-O 19. Ne7+ Bxe7 20. Qxa5 1-0

[Event "Let's Play Chess!"]
[Site "http://www.queenalice.com/game.php?id=958575"]
[Date "2011.7.9"]
[Round "-"]
[White "ljh1"]
[Black "polly"]
[Result "1-0"]
[WhiteElo "1521"]
[BlackElo "1636"]

1. d4 d5 2. c4 Nf6 3. cxd5 Qxd5 4. Nc3 Qd6 5. e4 e5 6. Nb5 Qd7 7. f3 c6 8. dxe5
Qxd1+ 9. Kxd1 cxb5 10. exf6 gxf6 11. Bxb5+ Bd7 12. a4 Bg7 13. Ne2 O-O 14. g4 Rd8
15. Ke1 a6 16. Bc4 Be6 17. Bxe6 fxe6 18. Rg1 Kh8 19. Nf4 Rd6 20. Nh5 Nd7 21. g5
fxg5 22. Nxg7 Kxg7 23. Rxg5+ Kh8 24. Bf4 e5 25. Be3 Rf8 26. Ke2 Rdf6 27. Rag1
R6f7 28. f4 exf4 29. Bd4+ Nf6 30. e5 f3+ 31. Kxf3 Ne8+ 32. Ke4 h6 33. e6+ Rg7
34. Bxg7+ 1-0

[Event "Let's Play Chess!"]
[Site "http://www.queenalice.com/game.php?id=958576"]
[Date "2011.7.9"]
[Round "-"]
[White "polly"]
[Black "ljh1"]
[Result "0-1"]
[WhiteElo "1615"]
[BlackElo "1542"]

1. e4 e5 2. Nf3 Nc6 3. g3 Bc5 4. Bg2 d5 5. d3 dxe4 6. dxe4 Qxd1+ 7. Kxd1 Bxf2 8.
Ke2 Bc5 9. Re1 Bg4 10. Be3 Nd4+ 11. Bxd4 Bxd4 12. c3 Bc5 13. h3 Be6 14. Nxe5
O-O-O 15. Nd2 f6 16. Ng4 f5 17. exf5 Bxf5 18. Kd1 Ne7 19. Kc1 Nd5 20. Re5 Rhe8
21. b4 Ne3 22. Nxe3 Rxe5 23. Nc2 Be3 24. Nxe3 Rxe3 25. Kd1 Rxg3 26. Bf1 g5 27.
Rc1 g4 28. hxg4 Bxg4+ 29. Kc2 Bf5+ 30. Kd1 Re3 31. a4 Bd3 32. Bxd3 Rexd3 33. Rc2
h5 34. Ke1 h4 35. Nf3 Rxf3 0-1

[Event "Let's Play Chess!"]
[Site "http://www.queenalice.com/game.php?id=962863"]
[Date "2011.7.21"]
[Round "-"]
[White "ljh1"]
[Black "Publio"]
[Result "0-1"]
[WhiteElo "1548"]
[BlackElo "1705"]

1. e4 e5 2. Nf3 d6 3. d4 Bg4 4. dxe5 dxe5 5. Qxd8+ Kxd8 6. Nxe5 Be6 7. Bd3 f6 8.
Bc4 fxe5 9. Bxe6 Nf6 10. Bg5 Be7 11. Nc3 Nc6 12. Rd1+ Bd6 13. Nd5 h6 14. Bxf6+
gxf6 15. Nxf6 Ke7 16. Bd5 Kxf6 17. O-O h5 18. h4 Nd4 19. g3 Nxc2 20. Rd3 c6 21.
Bb3 Nd4 22. Bd1 b5 23. f4 Bc5 24. Kg2 Raf8 25. a3 Ke7 26. f5 Kf6 27. g4 hxg4 28.
Bxg4 Rxh4 29. Kg3 Rhh8 30. Kg2 a5 31. Kf2 Rh2+ 32. Ke3 Rxb2 33. Rh1 Nxf5+ 34.
Kf3 Rf2# 0-1

[Event "Let's Play Chess!"]
[Site "http://www.queenalice.com/game.php?id=962864"]
[Date "2011.7.21"]
[Round "-"]
[White "discover100"]
[Black "ljh1"]
[Result "1-0"]
[WhiteElo "1508"]
[BlackElo "1538"]

1. e4 c5 2. Nf3 Nc6 3. c3 e6 4. d4 d6 5. Bb5 Bd7 6. O-O Qe7 7. Bg5 f6 8. Bh4
O-O-O 9. e5 Nh6 10. Nbd2 Nf5 11. Re1 Nxh4 12. Nxh4 f5 13. Nhf3 g6 14. exd6 Qg7
15. Nc4 Na5 16. Bxd7+ Rxd7 17. Nxa5 Bxd6 18. Rxe6 Bc7 19. Qb3 Bxa5 20. Rae1 Bb6
21. dxc5 Bxc5 22. Qc4 Rc7 23. Re8+ 1-0

[Event "Challenge"]
[Site "http://www.queenalice.com/game.php?id=963494"]
[Date "2011.7.22"]
[Round "-"]
[White "rsanjabi"]
[Black "ljh1"]
[Result "0-1"]
[WhiteElo "1254"]
[BlackElo "1544"]

1. c4 e5 2. d4 exd4 3. Qxd4 Nc6 4. Qd1 Nf6 5. Nc3 Bc5 6. e4 d6 7. f4 O-O 8. Nf3
Qe7 9. Qe2 Bg4 10. h3 Nd4 11. Qd3 Nxf3+ 12. gxf3 Bf5 13. Be2 Bg6 14. f5 Bh5 15.
Bg5 c6 16. Na4 Qe5 17. O-O-O Bb4 18. Nc3 Nd7 19. f4 Bxe2 20. Qxe2 Qc5 21. Rhg1
Rfe8 22. Bh6 g6 23. a3 Bxc3 24. bxc3 Qxa3+ 25. Kc2 Nc5 26. h4 Na4 27. h5 Qb2+
28. Kd3 Qxc3# 0-1